Parallel computers : Architecture, programming and algorithms

Wedi'i Gadw mewn:
Manylion Llyfryddiaeth
Prif Awdur: Hockney, R.W.
Fformat: Llyfr
Iaith:Undetermined
Cyhoeddwyd: Bristol Adam Hilger 1981
Pynciau:
Tagiau: Ychwanegu Tag
Dim Tagiau, Byddwch y cyntaf i dagio'r cofnod hwn!
Thư viện lưu trữ: Trung tâm Học liệu Trường Đại học Cần Thơ
LEADER 00526nam a2200193Ia 4500
001 CTU_95084
008 210402s9999 xx 000 0 und d
082 |a 001.64 
082 |b H685 
100 |a Hockney, R.W. 
245 0 |a Parallel computers : 
245 0 |b Architecture, programming and algorithms 
245 0 |c R.W. Hockney, C.R. Jesshope 
260 |a Bristol 
260 |b Adam Hilger 
260 |c 1981 
650 |a Parallel computers 
904 |i Giang 
980 |a Trung tâm Học liệu Trường Đại học Cần Thơ